000 00492nam a2200133 a 4500
008 120416s1964 ||||||||||||||||| || u
050 _aHN 767.5 Bae
100 _aBaer, Gabriel
245 1 0 _aPopulation and society in the Arab East
260 _aLondon
_bRoutledge and Kegan Paul
_c1964
300 _axii, 275p. : ill
350 _a0.00
995 _D0.00
_FCBU-MAIN LIBRARY (Kitwe)
_H1
_I0.00
_M1
_UAVAILABLE
_ZAnnex Low-Usage Collection
999 _c54005
_d54005